Respuesta al informe que en la Cámara Real de Castilla, hizo el señor Obispo de Almeria, contra el memorial que los señores Deán y Cabildo de su Catedral, dieron a su Majestad en razón de la administración de la fábricas en general de aquel obispado

Detalles Bibliográficos
Otros Autores: José de Argaez
Formato: Libro
Publicado: Castilla, s.f.
Materias:
Colección:Banco de datos
Acervo:Biblioteca Palafoxiana. Colección de Manuscritos
Descripción Física:8 f. ; 22 x 31.5 cm.
Tema general:Eclesiástica
LEADER 00600nam a22001450004500
035 |a 755 
245 1 0 |a Respuesta al informe que en la Cámara Real de Castilla, hizo el señor Obispo de Almeria, contra el memorial que los señores Deán y Cabildo de su Catedral, dieron a su Majestad en razón de la administración de la fábricas en general de aquel obispado 
260 |a Castilla, s.f. 
300 |a 8 f. ; 22 x 31.5 cm. 
650 1 0 |a Eclesiástica 
700 1 |a José de Argaez 
949 |a 19583/004 
942 |c PALAMANU 
943 |g Biblioteca Palafoxiana. Colección de Manuscritos 
999 |c 1068700  |d 1068700